Spatial analysis, GIS, and remote sensing applications in the health sciences / (Record no. 7791)

MARC details
000 -LEADER
fixed length control field 00878cam a22002412 4500
001 - CONTROL NUMBER
control field 0000009134
005 - DATE AND TIME OF LATEST TRANSACTION
control field 20151217152049.0
008 - FIXED-LENGTH DATA ELEMENTS--GENERAL INFORMATION
fixed length control field 080907s xx 000 0 eng d
020 ## - INTERNATIONAL STANDARD BOOK NUMBER
International Standard Book Number 1575041014 :
Terms of availability KES 12450
040 ## - CATALOGING SOURCE
Original cataloging agency KABU
Transcribing agency KABU
245 10 - TITLE STATEMENT
Title Spatial analysis, GIS, and remote sensing applications in the health sciences /
Statement of responsibility, etc. editors, Donald P. Albert, Wilbert M. Gesler, Barbara Levergood.
260 ## - PUBLICATION, DISTRIBUTION, ETC. (IMPRINT)
Place of publication, distribution, etc. Chelsea, MI :
Name of publisher, distributor, etc. Ann Arbor Press,
Date of publication, distribution, etc. 2000.
300 ## - PHYSICAL DESCRIPTION
Extent xi, 217 p.
650 #0 - SUBJECT ADDED ENTRY--TOPICAL TERM
Topical term or geographic name as entry element Medical geography.
-- 0000160190
650 #0 - SUBJECT ADDED ENTRY--TOPICAL TERM
Topical term or geographic name as entry element Medical geography
General subdivision Research
-- Methodology.
-- 0000160191
700 1# - ADDED ENTRY--PERSONAL NAME
Personal name Albert, Donald.
-- 0000160192
700 1# - ADDED ENTRY--PERSONAL NAME
Personal name Gesler, Wilbert M.
-- 0000160193
700 1# - ADDED ENTRY--PERSONAL NAME
Personal name Levergood, Barbara.
-- 0000160194
908 ## - PUT COMMAND PARAMETER (RLIN)
Put command parameter 080907
950 ## - LOCAL HOLDINGS (RLIN)
-- 1
Holdings
Withdrawn status Lost status Source of classification or shelving scheme Not for loan Home library Current library Date acquired Total Checkouts Full call number Barcode Date last seen Price effective from Koha item type
    Library of Congress Classification   Kabarak, Main Campus Kabarak, Main Campus 17/12/2015   RA792 .S63 c. 1 009351 17/12/2015 17/12/2015 General Collection
    Library of Congress Classification   Kabarak, Main Campus Kabarak, Main Campus 17/12/2015   RA792 .S63 c. 2 009352 17/12/2015 17/12/2015 General Collection
Designed with assistance from East African Informatics Ltd